Zwischen Sultan und Kaiser: Bau- und Kunststiftungen im dreigeteilten Ungarn
| Titel: | Zwischen Sultan und Kaiser: Bau- und Kunststiftungen im dreigeteilten Ungarn / Robert Born |
|---|---|
| Verfasser: | |
| In: |
Handbuch zur Geschichte der Kunst in Ostmitteleuropa ; Band 5. 1570-1670, (2025), Seite 290-312 alle Artikel anzeigen |
| Veröffentlicht: | 2025 |
| Umfang: | Illustrationen |
| Format: | Aufsatz |
| Sprache: | Deutsch |
X
alg: 54292048 001A $03025:13-03-26 001B $03025:13-03-26 $t21:13:09.000 001D $03025:13-03-26 001U $0utf8 001X $00 002@ $0Aou 002C $aText $btxt $2rdacontent 002D $aohne Hilfsmittel zu benutzen $bn $2rdamedia 002E $aBand $bnc $2rdacarrier 003@ $0542920484 010@ $ager 010E $erda 011@ $a2025 021A $aZwischen Sultan und Kaiser: Bau- und Kunststiftungen im dreigeteilten Ungarn $hRobert Born 028A $BVerfasser $#Born, Robert Stefan $4aut $71023972042 $8Born, Robert$Z1966- [Tp3] $9304065285 031A $h290-312 $j2025 034M $aIllustrationen 039B $aEnthalten in $8--Afu--. Handbuch zur Geschichte der Kunst in Ostmitteleuropa ; Band 5. 1570-1670. - Berlin : Deutscher Kunstverlag, [2025]. - 732 Seiten. - Illustrationen, Karten, Pläne. - ISBN 978-3-422-06962-6 $x202500000000000710 $9530136856 044K $RÖsterreich-Ungarn $#Ungarn $#Ungarn $#Ungarische Räterepublik $#Königreich Ungarn $#Die @Länder der ungarischen Krone $#Transleithanien $#Magyarország $#Magyar Köztársaság $#Magyar Tanácsköztársaság $#Government of the Hungarian Republic $#Zemalja Ugarske Krune $#VNR $#Ungern $#Ungarische Republik $#Republik Ungarn $#Ungarische Volksrepublik $#Volksrepublik Ungarn $#Magyar Népköztársaság $#Hungary $#Hungarian Republic $#Hongrie $#Vengerskaja Narodnaja Respublika $#Hungarian People's Republic $#HPR Hungarian People's Republic $#République Populaire Hongroise $#Ungarische VR $#Republic of Hungary $#Vengrija $74078541-5 $8Ungarn [Tgz] $9085222712 045F $a709.4390903 $eDDC23BSB 045F/01 $a709 045F/03 $f0903 045F/03 $g439 lok: 54292048 78 exp: 54292048 78 1 #EPN 201B/01 $013-03-26 $t21:02:19.000 201C/01 $013-03-26 201U/01 $0utf8 203@/01 $01337499986 208@/01 $a13-03-26 $be 209A/01 $a/ $f000 $x00 209A/01 $ab*p $x01 220C/01 $apgar 244Z/01 $#Ungarn $#Ungarn $#Ungarische Räterepublik $#Königreich Ungarn $#Die @Länder der ungarischen Krone $#Transleithanien $#Magyarország $#Magyar Köztársaság $#Magyar Tanácsköztársaság $#Government of the Hungarian Republic $#Zemalja Ugarske Krune $#VNR $#Ungern $#Ungarische Republik $#Republik Ungarn $#Ungarische Volksrepublik $#Volksrepublik Ungarn $#Magyar Népköztársaság $#Hungary $#Hungarian Republic $#Hongrie $#Vengerskaja Narodnaja Respublika $#Hungarian People's Republic $#HPR Hungarian People's Republic $#République Populaire Hongroise $#Ungarische VR $#Republic of Hungary $#Vengrija $74078541-5 $8--Tgz--Ungarn $x08 $9085222712 247C/01 $82080>Marburg/Lahn, Herder-Institut, Forschungsbibliothek, Bibliographieportal $9336309341
| LEADER | 00000naa a2200000 c 4500 | ||
|---|---|---|---|
| 001 | 542920484 | ||
| 003 | DE-603 | ||
| 005 | 20260313211309.0 | ||
| 007 | tu | ||
| 008 | 260313s2025 xx |||| | u00||u|ger c | ||
| 035 | |a (DE-599)HEB542920484 | ||
| 040 | |a DE-603 |b ger |c DE-603 |d DE-603 |e rda | ||
| 041 | |a ger | ||
| 082 | 0 | 4 | |8 1\u |a 709.4390903 |q DE-101 |2 23/BSB |
| 085 | |8 1\u |b 709 | ||
| 085 | |8 1\u |z 1 |s 0903 | ||
| 085 | |8 1\u |z 2 |s 439 | ||
| 100 | 1 | |a Born, Robert |d 1966- |e Verfasser |4 aut |0 (DE-603)304065285 |0 (DE-588)1023972042 |2 gnd | |
| 245 | 0 | 0 | |a Zwischen Sultan und Kaiser: Bau- und Kunststiftungen im dreigeteilten Ungarn |c Robert Born |
| 264 | 0 | |c 2025 | |
| 300 | |b Illustrationen | ||
| 336 | |a Text |b txt |2 rdacontent | ||
| 337 | |a ohne Hilfsmittel zu benutzen |b n |2 rdamedia | ||
| 338 | |a Band |b nc |2 rdacarrier | ||
| 651 | 7 | |a Ungarn |0 (DE-588)4078541-5 |0 (DE-603)085222712 |2 gnd | |
| 773 | 0 | 8 | |i Enthalten in |t Handbuch zur Geschichte der Kunst in Ostmitteleuropa ; Band 5. 1570-1670 |d Berlin : Deutscher Kunstverlag, [2025] |h 732 Seiten, Illustrationen, Karten, Pläne |z 9783422069626 |g (2025), Seite 290-312 |w (DE-603)530136856 |
| 924 | 0 | |9 2080 |a (DE-603)1337499986 |b DE-2080 |c HES |d d |g / | |


